National League Logos - Statistiken

Allgemein
  • Dieses Quiz wurde 18 mal gespielt
  • Das Durchschnittsergebnis liegt bei 9 aus 14
Antwortstatistiken
Bildquiz Antwort % Korrekt
HC Davos
100%
HC Lugano
100%
EV Zug
94%
ZSC Lions
94%
HC Ambri-Piotta
88%
SCL Tigers
88%
EHC Biel
69%
SC Bern
69%
EHC Kloten
50%
SC Rapperswil-Jona
50%
Lausanne HC
44%
Fribourg-Gottéron
38%
Genf-Servette
31%
HC Ajoie
31%
Keine übereinstimmenden Quizze gefunden
Verteilung der Resultate
Anzahl Personen mit jedem Resultat
Perzentil nach korrekt beantworteten Fragen
Ihre Resultats-Entwicklung
Sie haben dieses Quiz noch nicht gespielt